Statistics for Biggest Cities by Native Name

Click here to take the quiz!

General Stats

  • This quiz has been taken 14 times
  • The average score is 33 of 50

Answer Stats

PopulationNativeEnglish% Correct
9,650,000ChicagoChicago
100%
32,100,000JakartaJakarta
100%
13,900,000KinsásáKinshasa
100%
9,150,000Kuala LumpurKuala Lumpur
100%
11,100,000LimaLima
100%
14,800,000LondonLondon
100%
17,600,000Los AngelesLos Angeles
100%
8,450,000LuandaLuanda
100%
24,500,000Ciudad de MéxicoMexico City
100%
21,800,000New YorkNew York
100%
11,400,000ParisParis
100%
13,300,000Rio de JaneiroRio de Janeiro
100%
8,550,000WashingtonWashington
100%
9,800,000BogotáBogota
92%
16,600,000Buenos AiresBuenos Aires
92%
10,600,000Thành phố Hồ Chí MinhHo Chi Minh City
92%
16,200,000İstanbulIstanbul
92%
26,300,000MaynilaManila
92%
17,400,000МоскваMoscow
92%
22,600,000São PauloSao Paulo
92%
40,500,000東京Tokyo
92%
21,500,000القاهرةCairo
83%
31,300,000दिल्लीDelhi
83%
25,000,000서울Seoul
75%
47,600,000广州Guangzhou
67%
25,600,000मुंबईMumbai
67%
17,700,000大阪Osaka
67%
20,000,000北京Beijing
58%
20,300,000ঢাকাDhaka
58%
20,100,000ÈkóLagos
58%
34,100,000上海Shanghai
58%
19,400,000กรุงเทพฯBangkok
50%
15,500,000تهرانTehran
50%
12,700,000ಬೆಂಗಳೂರುBengaluru
42%
10,500,000名古屋Nagoya
42%
8,400,000الرياضRiyadh
42%
13,200,000天津Tianjin
42%
9,250,000武汉Wuhan
42%
10,000,000成都Chengdu
33%
14,200,000eGoliJohannesburg
33%
17,000,000কলকাতাKolkata
33%
8,400,000重庆Chongqing
25%
10,400,000హైదరాబాదుHyderabad
25%
13,500,000لہورLahore
25%
10,200,000厦门Xiamen
25%
11,600,000சென்னைChennai
17%
18,200,000کراچیKarachi
17%
9,150,000臺北Taipei
8%
8,750,000અમદાવાદAhmedabad
0%
8,600,000杭州Hangzhou
0%

Score Distribution

Percentile by Number Answered

Percent of People with Each Score

Your Score History

You have not taken this quiz